[Event "10th American Continental"]
[Site "Montevideo URU"]
[Date "2015.05.17"]
[Round "4.47"]
[White "Manzi, Luiz Antonio Bardaro"]
[Black "Pereira, Henry Alberto"]
[Result "0-1"]
[WhiteElo "2091"]
[BlackElo "1955"]
[WhiteFideId "2102641"]
[BlackFideId "4433270"]
[EventDate "2015.05.15"]
[EventType "swiss"]

1. d4 Nf6 2. c4 e6 3. g3 Bb4+ 4. Bd2 Qe7 5. Bg2 d5 6. Qb3 Bxd2+ 7. Nxd2 c6 8.
Ngf3 O-O 9. O-O b6 10. Ne5 Bb7 11. Rfc1 Nfd7 12. Nd3 Na6 13. e4 dxe4 14. Nxe4 c5
15. Nf6+ Nxf6 16. Bxb7 Qxb7 17. dxc5 Qf3 18. cxb6 axb6 19. Re1 Nd7 20. Re3 Qc6
21. Qc3 Rac8 22. Rc1 Nac5 23. Nf4 Ne4 24. Qd4 Ndf6 25. Rce1 Rcd8 26. Qe5 Nd2 0-1

[Event "10th American Continental"]
[Site "Montevideo URU"]
[Date "2015.05.17"]
[Round "4.48"]
[White "Caceres Vasquez, Sergio"]
[Black "Cao, Jorge"]
[Result "1-0"]
[WhiteTitle "FM"]
[WhiteElo "2087"]
[BlackElo "1929"]
[WhiteFideId "3402169"]
[BlackFideId "3000109"]
[EventDate "2015.05.15"]
[EventType "swiss"]

1. d4 Nf6 2. c4 c5 3. d5 d6 4. Nc3 g6 5. e4 Bg7 6. f4 O-O 7. Nf3 e6 8. Be2 exd5
9. cxd5 Na6 10. O-O Nc7 11. a4 Rb8 12. Bc4 Nd7 13. Re1 Re8 14. e5 dxe5 15. d6
Ne6 16. fxe5 Nb6 17. Bb5 Bd7 18. Be3 a6 19. Bxd7 Nxd7 20. Bf2 Qa5 21. Nd5 h6 22.
Bh4 Kh8 23. Be7 Rbc8 24. Nf6 Bxf6 25. exf6 Qb4 26. Ne5 Nxe5 27. Rxe5 Nf8 28. d7
Nxd7 29. Qxd7 Qxb2 30. Ree1 Kg8 31. Reb1 Qe5 32. Qxb7 Rb8 33. Qxa6 Qd4+ 34. Kh1
Rb4 35. Rc1 Qd2 36. Qf1 Rf4 37. Qg1 c4 38. a5 c3 39. a6 c2 40. a7 Ra8 41. Qe1
Qd3 42. h3 Re4 43. Qf2 Re2 44. Qf3 1-0

[Event "10th American Continental"]
[Site "Montevideo URU"]
[Date "2015.05.17"]
[Round "4.49"]
[White "Rodriguez, Paulo Virgilio Rios"]
[Black "Gauche, Eduardo"]
[Result "1/2-1/2"]
[WhiteElo "2072"]
[BlackElo "1927"]
[WhiteFideId "2108267"]
[BlackFideId "2128209"]
[EventDate "2015.05.15"]
[EventType "swiss"]

1. Nf3 Nf6 2. d4 g6 3. g3 Bg7 4. Bg2 O-O 5. O-O d6 6. c4 Nbd7 7. Nc3 e5 8. e4
Re8 9. d5 Nc5 10. Bg5 h6 11. Bxf6 Bxf6 12. b4 Nd7 13. Rc1 a5 14. a3 b6 15. Nd2
h5 16. Nb3 axb4 17. axb4 Ba6 18. Ne2 Be7 19. Bh3 Nf6 20. f3 Bc8 21. Bg2 Bd7 22.
Qd3 Qb8 23. Ra1 Qb7 24. b5 Rxa1 25. Rxa1 Ra8 26. Qb1 Ra7 27. Nc3 Qa8 28. Rxa7
Qxa7 29. Qa2 Qxa2 30. Nxa2 Ne8 31. Nb4 Bg5 32. Kf2 f5 33. h4 Bf6 34. Bh3 Ng7 35.
Na6 Bd8 36. Nb8 Be8 37. Nd2 Kf8 38. Nf1 f4 39. Na6 fxg3+ 40. Kxg3 Bf7 41. Ne3
Ne8 42. Nc2 Ng7 43. Ncb4 Be8 44. Nb8 Kf7 45. N4a6 Ke7 46. Bc8 Kf7 47. Bd7 Bxd7
48. Nxd7 Ne8 49. Ndb8 Nf6 50. Nc6 Ke8 51. Nab4 Nd7 52. Nd3 Nc5 53. Ncb4 Nxd3 54.
Nxd3 Bf6 55. Kh3 Kf7 56. Nb4 1/2-1/2

[Event "10th American Continental"]
[Site "Montevideo URU"]
[Date "2015.05.17"]
[Round "4.50"]
[White "Diaz, Maria M.A."]
[Black "Arias Bouzada, Jorge URU"]
[Result "0-1"]
[WhiteTitle "WFM"]
[BlackTitle "CM"]
[WhiteElo "1963"]
[BlackElo "2070"]
[WhiteFideId "7500114"]
[BlackFideId "3000389"]
[EventDate "2015.05.15"]
[EventType "swiss"]

1. d4 c5 2. d5 e5 3. e4 d6 4. Nc3 g6 5. Nf3 Bg7 6. Be2 Ne7 7. O-O O-O 8. Bg5 h6
9. Bxe7 Qxe7 10. Nd2 a6 11. a4 b6 12. Nc4 Nd7 13. Rb1 f5 14. Bf3 Bb7 15. b4 Rac8
16. Qd3 cxb4 17. Rxb4 a5 18. Rbb1 Ba6 19. Nb5 fxe4 20. Qxe4 Bxb5 21. axb5 Rf4
22. Qxg6 Rcxc4 23. Rb3 Nc5 24. Re3 Rf6 25. Qh5 Rxc2 26. Bd1 Rd2 27. Rg3 Qf7 28.
Qg4 Rf4 29. Qc8+ Qf8 30. Qh3 Rdxf2 31. Rxf2 Rxf2 32. Bf3 Rb2 33. Qxh6 Rb1+ 0-1

[Event "10th American Continental"]
[Site "Montevideo URU"]
[Date "2015.05.17"]
[Round "4.51"]
[White "Boff, Andre Ricardo"]
[Black "Kimelman, Gabriel"]
[Result "0-1"]
[BlackTitle "CM"]
[WhiteElo "1927"]
[BlackElo "2067"]
[WhiteFideId "2154854"]
[BlackFideId "3003035"]
[EventDate "2015.05.15"]
[EventType "swiss"]

1. d4 Nf6 2. Nf3 e6 3. e3 b6 4. Bd3 Bb7 5. O-O d5 6. b3 Bd6 7. Bb2 O-O 8. c4
Nbd7 9. Nc3 a6 10. Qe2 Ne4 11. Bxe4 dxe4 12. Nd2 Qh4 13. g3 Qh3 14. Rfd1 f5 15.
Qf1 Qh6 16. Ne2 g5 17. c5 bxc5 18. Nc4 cxd4 19. Nxd6 cxd6 20. Bxd4 e5 21. Bb2 f4
22. Nc3 fxe3 23. Qc4+ d5 24. Nxd5 exf2+ 25. Kf1 Qh3+ 26. Ke2 f1=Q+ 27. Rxf1
Qxh2+ 28. Ke3 Qxg3+ 29. Kd2 Qg2+ 30. Ke3 Kh8 31. Rab1 Rxf1 32. Rxf1 Qxb2 33. Rf7
Bxd5 34. Qxd5 Qd4+ 35. Qxd4 exd4+ 36. Kxd4 Re8 37. Ke3 Ne5 38. Ra7 Ng4+ 39. Ke2
Re6 40. b4 h5 0-1

[Event "10th American Continental"]
[Site "Montevideo URU"]
[Date "2015.05.17"]
[Round "4.52"]
[White "Cardoso Pimenta, Ciro Jose"]
[Black "Guisande, Fernando"]
[Result "1-0"]
[WhiteElo "2066"]
[BlackElo "1898"]
[WhiteFideId "2118599"]
[BlackFideId "3002918"]
[EventDate "2015.05.15"]
[EventType "swiss"]

1. Nf3 c5 2. e3 Nc6 3. d4 e6 4. c4 d5 5. Be2 Nf6 6. O-O cxd4 7. exd4 Be7 8. Nc3
dxc4 9. Bxc4 O-O 10. a3 a6 11. Bf4 b5 12. Ba2 b4 13. d5 bxc3 14. dxc6 cxb2 15.
Rb1 Nd5 16. Be5 Bd6 17. Bxb2 Qc7 18. Bxd5 exd5 19. Qxd5 Be6 20. Qd4 f6 21. Rfe1
Ba2 22. Ra1 Bb3 23. Rac1 Rfd8 24. Qg4 Bd5 25. Bxf6 Rf8 26. Be5 Rae8 27. Bxd6
Rxe1+ 28. Nxe1 Qxd6 29. c7 Be6 30. c8=Q Bxg4 31. Qxg4 Qd2 32. Qc4+ Kh8 33. Nf3 1-0

[Event "10th American Continental"]
[Site "Montevideo URU"]
[Date "2015.05.17"]
[Round "4.53"]
[White "Gomes, Carlos Henrique Caldeira"]
[Black "Ibanez, Juan Rodrigo"]
[Result "1/2-1/2"]
[BlackTitle "CM"]
[WhiteElo "1894"]
[BlackElo "2059"]
[WhiteFideId "2120160"]
[BlackFideId "3002071"]
[EventDate "2015.05.15"]
[EventType "swiss"]

1. d4 d5 2. c4 e6 3. Nc3 Nf6 4. cxd5 exd5 5. Bg5 Be7 6. Nf3 O-O 7. e3 b6 8. Bd3
Bb7 9. O-O Nbd7 10. Rc1 Rc8 11. Qe2 Ne4 12. Bxe7 Qxe7 13. Ba6 Bxa6 14. Qxa6 Ndf6
15. Qb7 Nxc3 16. Rxc3 Qb4 1/2-1/2

[Event "10th American Continental"]
[Site "Montevideo URU"]
[Date "2015.05.17"]
[Round "4.54"]
[White "Carbone, Diego"]
[Black "Toledo, Javier"]
[Result "1-0"]
[WhiteTitle "CM"]
[WhiteElo "2052"]
[BlackElo "1769"]
[WhiteFideId "3002179"]
[BlackFideId "3007502"]
[EventDate "2015.05.15"]
[EventType "swiss"]

1. d4 d5 2. c4 c6 3. Nc3 e6 4. e4 dxe4 5. Nxe4 Nf6 6. Nxf6+ Qxf6 7. Nf3 Bb4+ 8.
Bd2 Bxd2+ 9. Qxd2 Nd7 10. Bd3 b6 11. O-O Bb7 12. b4 O-O 13. Ng5 g6 14. Rfe1 Qxd4
15. Nxh7 Rfd8 16. Rad1 Ne5 17. Qh6 Nxd3 18. Rxd3 Qg7 19. Rxd8+ Rxd8 20. Qg5 Rd4
21. Nf6+ Kf8 22. Nd5 Kg8 23. Qd8+ 1-0

[Event "10th American Continental"]
[Site "Montevideo URU"]
[Date "2015.05.17"]
[Round "4.55"]
[White "Blanchard, Marcel"]
[Black "De Haro, Martim Afonso Palma"]
[Result "0-1"]
[WhiteElo "1804"]
[BlackElo "2048"]
[WhiteFideId "3000214"]
[BlackFideId "2101653"]
[EventDate "2015.05.15"]
[EventType "swiss"]

1. d4 Nf6 2. c4 e6 3. Nf3 d5 4. g3 c5 5. cxd5 Nxd5 6. Bg2 Nc6 7. Nc3 Be7 8. O-O
O-O 9. dxc5 Nxc3 10. bxc3 Bxc5 11. Qc2 Qe7 12. Rb1 e5 13. Ng5 f5 14. Qb3+ Kh8
15. Bd5 h6 16. Nf3 Rf6 17. e3 b6 18. Qa4 Bb7 19. Qh4 Na5 20. Bxb7 Nxb7 21. Bb2
Nd6 22. c4 Nf7 23. Rbd1 Re8 24. Rd5 Re6 25. Qh5 g6 26. Qh3 Kh7 27. Qg2 Rd8 28.
Rfd1 Red6 29. Nxe5 Nxe5 30. Bxe5 Qxe5 31. Rxe5 Rxd1+ 0-1

[Event "10th American Continental"]
[Site "Montevideo URU"]
[Date "2015.05.17"]
[Round "4.56"]
[White "Pena Canapa, Alfredo"]
[Black "Hirota da Silva, Nilton"]
[Result "1/2-1/2"]
[WhiteElo "1785"]
[BlackElo "2045"]
[WhiteFideId "3003140"]
[BlackFideId "2101700"]
[EventDate "2015.05.15"]
[EventType "swiss"]

1. d4 c6 2. Nf3 d5 3. Bf4 Nf6 4. e3 Bg4 5. h3 Bxf3 6. Qxf3 e6 7. Bd3 Bd6 8. Nd2
Bxf4 9. exf4 Nbd7 10. O-O O-O 11. c3 Qc7 12. g4 g6 13. Qe3 Rae8 14. Nf3 Kg7 15.
b4 Rh8 16. Ne5 Ng8 17. Rfe1 Nxe5 18. fxe5 Qe7 19. Qg3 h5 20. g5 Qd8 21. h4 Ne7
22. a4 Qc7 23. a5 Rhf8 24. Qf3 Nf5 25. Bxf5 exf5 26. Qg3 Re6 27. f4 Rc8 28. Qf3
Ree8 29. Re2 Rcd8 30. Rae1 Re6 31. Qd3 Ree8 32. Qg3 Re6 33. Qf2 Ra8 34. Ra1 Rc8
35. Rd2 Ree8 36. Rda2 Kf8 37. Qf3 Ke7 38. Qd3 Red8 39. Kh2 Qd7 40. Kg3 Rc7 41.
Rb1 1/2-1/2

[Event "10th American Continental"]
[Site "Montevideo URU"]
[Date "2015.05.17"]
[Round "4.57"]
[White "Chamlian, Aram"]
[Black "Garcia La Rosa, Lorena Estefania"]
[Result "1-0"]
[BlackTitle "WCM"]
[WhiteElo "1714"]
[BlackElo "2017"]
[WhiteFideId "3003639"]
[BlackFideId "3901262"]
[EventDate "2015.05.15"]
[EventType "swiss"]

1. e4 c5 2. Nc3 Nc6 3. g3 g6 4. Bg2 Bg7 5. d3 d6 6. f4 e5 7. Nf3 Nge7 8. O-O O-O
9. Ne2 f5 10. c3 h6 11. Be3 b6 12. Qd2 Kh7 13. fxe5 dxe5 14. Nh4 Rb8 15. exf5
gxf5 16. g4 f4 17. Be4+ Kg8 18. Nxf4 exf4 19. Bxf4 Bxg4 20. Bxh6 Nd5 21. Ng6 Re8
22. Bxg7 Kxg7 23. Qg2 Ne3 24. Qg3 Qg5 25. h4 Nxf1 26. Rxf1 Qh5 27. Qc7+ Kg8 28.
Qf7# 1-0

[Event "10th American Continental"]
[Site "Montevideo URU"]
[Date "2015.05.17"]
[Round "4.58"]
[White "Pinero, Ismael"]
[Black "Gomez Troccoli, Martin"]
[Result "1-0"]
[WhiteTitle "CM"]
[WhiteElo "2013"]
[BlackElo "1761"]
[WhiteFideId "3004244"]
[BlackFideId "3006778"]
[EventDate "2015.05.15"]
[EventType "swiss"]

1. e4 e6 2. d4 d5 3. Nc3 Bb4 4. e5 c5 5. Bd2 Bxc3 6. Bxc3 cxd4 7. Bxd4 Qd7 8. f4
b6 9. Qg4 Ne7 10. Nf3 Nf5 11. Bd3 Rg8 12. Bxf5 exf5 13. Qh4 Ba6 14. Qxh7 Kf8 15.
Qh4 Nc6 16. c3 Nd8 17. Qf2 Qb5 18. O-O-O Rc8 19. Qc2 Ne6 20. g3 Qa5 21. Kb1 Bc4
22. b3 Qb5 23. Rhe1 Nc5 24. Bxc5+ bxc5 25. Ka1 d4 26. bxc4 Qxc4 27. e6 fxe6 28.
Ne5 Qa6 29. cxd4 cxd4 30. Qb2 Ke7 31. Qxd4 Rcd8 32. Qc5+ Kf6 33. Qc7 1-0

[Event "10th American Continental"]
[Site "Montevideo URU"]
[Date "2015.05.17"]
[Round "4.59"]
[White "Moccero, Eduardo"]
[Black "Perez, Jose Luis"]
[Result "1-0"]
[WhiteElo "2004"]
[BlackElo "1543"]
[WhiteFideId "103373"]
[BlackFideId "3001466"]
[EventDate "2015.05.15"]
[EventType "swiss"]

1. d4 d5 2. Nf3 Nf6 3. e3 e6 4. Bd3 c5 5. c3 Nc6 6. Nbd2 Qc7 7. O-O cxd4 8. exd4
Bd6 9. Re1 O-O 10. Nf1 h6 11. Bc2 b5 12. a3 a5 13. Ng3 Ba6 14. Bd3 Rfe8 15. Bd2
b4 16. Bxa6 bxc3 17. Bxc3 Rxa6 18. Rc1 Qb6 19. Qd3 a4 20. Re2 Na5 21. Bxa5 Rxa5
22. Rec2 Bf8 23. Ne5 Rb5 24. Qd2 Rb8 25. Rc6 Qb7 26. Nd3 Ne8 27. h3 Qa7 28. Ne2
Nd6 29. Qf4 R5b7 30. Rxd6 g5 31. Qg3 Rb3 32. Rdc6 Rxb2 33. Nxb2 Rxb2 34. Qf3
Bxa3 35. R6c2 1-0

[Event "10th American Continental"]
[Site "Montevideo URU"]
[Date "2015.05.17"]
[Round "4.60"]
[White "Larrea, Daniela"]
[Black "D Andrea, Leonardo"]
[Result "1/2-1/2"]
[WhiteElo "1705"]
[BlackElo "1984"]
[WhiteFideId "3003000"]
[BlackFideId "3005232"]
[EventDate "2015.05.15"]
[EventType "swiss"]

1. d4 Nf6 2. c4 e6 3. g3 Bb4+ 4. Bd2 Qe7 5. Bg2 O-O 6. Nf3 Bxd2+ 7. Nbxd2 d6 8.
O-O Nbd7 9. e4 e5 10. b4 a5 11. a3 Re8 12. d5 Nf8 13. Qc2 Bd7 14. c5 Ra6 15.
Rfc1 axb4 16. axb4 Rea8 17. Rxa6 Rxa6 18. Bf1 Ra7 19. b5 dxc5 20. Qxc5 Qxc5 21.
Rxc5 b6 22. Rc1 Ng6 23. Bd3 Ne8 24. Nb1 f6 25. Ne1 Kf8 26. Nc2 Ke7 27. Nb4 Ra1
28. Nc2 Ra5 29. Nc3 Kd8 30. Nb4 Ne7 31. Nc6+ Bxc6 32. dxc6 Nd6 33. Rc2 Ra3 34.
Kf1 g5 35. Ke2 Ke8 36. Kd2 Ra1 37. Rc1 Rxc1 38. Kxc1 Kf7 39. Kd2 Kg6 40. h3 h5
41. g4 h4 42. f3 Kf7 43. Bf1 Ke6 44. Kc2 Ne8 45. Kb3 Kd6 46. Kc4 Ng6 47. Nd5 Ke6
48. Kc3 Nf4 49. Nxf4+ exf4 50. Kd4 Nd6 51. Be2 Ke7 52. Bc4 Kd8 53. Kd5 Ke7 54.
Kd4 Kf8 55. Kd5 Kf7 56. Kd4+ Ke7 57. Kd3 Nc8 58. Kd4 Kd6 59. Bb3 Ne7 60. Bf7 1/2-1/2

[Event "10th American Continental"]
[Site "Montevideo URU"]
[Date "2015.05.17"]
[Round "4.61"]
[White "Cimer, Emmanuel"]
[Black "Rodriguez Fuentealba, Diego"]
[Result "1-0"]
[WhiteElo "1982"]
[BlackElo "1522"]
[WhiteFideId "137073"]
[BlackFideId "3422704"]
[EventDate "2015.05.15"]
[EventType "swiss"]

1. e4 e5 2. Nf3 Nc6 3. d4 exd4 4. Nxd4 Bc5 5. Nxc6 Qf6 6. Qd2 dxc6 7. Bd3 Be6 8.
O-O Ne7 9. Nc3 O-O 10. Kh1 Rad8 11. Qe1 Qh4 12. e5 Nd5 13. Ne4 Be7 14. Bd2 Nf4
15. Qe3 Nxd3 16. cxd3 Rd5 17. Bc3 c5 18. Rad1 Rfd8 19. Rd2 b5 20. b3 b4 21. Bb2
Bf5 22. f3 Bxe4 23. fxe4 Bg5 24. Qf3 R5d7 25. e6 fxe6 26. Rdf2 Bf6 27. e5 Rxd3
28. exf6 Rxf3 29. Rxf3 g6 30. f7+ Kf8 31. Bf6 1-0

[Event "10th American Continental"]
[Site "Montevideo URU"]
[Date "2015.05.17"]
[Round "4.62"]
[White "Perez, Cecilia Manuela"]
[Black "Dornelles, Marcio Neron Camargo"]
[Result "0-1"]
[WhiteElo "1525"]
[BlackElo "1980"]
[WhiteFideId "3003191"]
[BlackFideId "2146673"]
[EventDate "2015.05.15"]
[EventType "swiss"]

1. Nf3 Nf6 2. g3 g6 3. Bg2 Bg7 4. O-O O-O 5. d3 d5 6. Nbd2 c5 7. e4 Nc6 8. Re1
e5 9. exd5 Nxd5 10. Ne4 Qe7 11. Qe2 Bg4 12. h3 Nd4 13. Qd1 Nxf3+ 14. Bxf3 Bxh3
15. g4 Bxg4 16. Bxg4 f5 17. Bg5 Qc7 18. Bh3 Kh8 19. Nc3 Nxc3 20. bxc3 h6 21. Bd2
g5 22. Bg2 Rad8 23. Qh5 Qf7 24. Qxf7 Rxf7 25. Rad1 Kh7 26. c4 Kg6 27. Bc3 Re7
28. Bxe5 Rxe5 29. Bxb7 Rde8 30. Kf1 Rxe1+ 31. Rxe1 Rxe1+ 32. Kxe1 g4 33. Kf1 Kg5
34. Kg2 h5 0-1

[Event "10th American Continental"]
[Site "Montevideo URU"]
[Date "2015.05.17"]
[Round "4.64"]
[White "Anza, Vicenzo"]
[Black "Ruggiero, Alvaro"]
[Result "0-1"]
[BlackTitle "CM"]
[WhiteElo "1486"]
[BlackElo "1967"]
[WhiteFideId "3007510"]
[BlackFideId "3001504"]
[EventDate "2015.05.15"]
[EventType "swiss"]

1. e4 c6 2. d4 d5 3. exd5 cxd5 4. Nf3 Nf6 5. Bb5+ Bd7 6. Bxd7+ Nbxd7 7. O-O e6
8. Bg5 Be7 9. Ne5 O-O 10. Nc3 Rc8 11. Re1 Nxe5 12. dxe5 Nd7 13. Bf4 Bb4 14. Qg4
Rc4 15. Re3 Bxc3 16. Rxc3 Nxe5 17. Qg3 Rxc3 18. bxc3 Ng6 19. Be3 b6 20. h4 Qxh4
21. Qxh4 Nxh4 22. a4 Nf5 23. Bf4 Rc8 24. a5 h5 25. a6 Ne7 26. Be3 Nc6 27. Kh2
Na5 28. Rb1 Nc4 29. Bd4 e5 30. Be3 Nxe3 31. fxe3 Rxc3 32. Rd1 Rc5 33. c4 dxc4
34. Rd8+ Kh7 35. Ra8 c3 36. Rxa7 c2 37. Ra8 c1=Q 38. a7 Rc8 0-1

[Event "10th American Continental"]
[Site "Montevideo URU"]
[Date "2015.05.17"]
[Round "4.67"]
[White "Sopko, Cassio Roberto"]
[Black "Rodrigues, Julliano de Araujo"]
[Result "1-0"]
[WhiteElo "1930"]
[BlackElo "1808"]
[WhiteFideId "2167867"]
[BlackFideId "2127288"]
[EventDate "2015.05.15"]
[EventType "swiss"]

1. b4 e5 2. Bb2 d6 3. c4 Nc6 4. b5 Nd4 5. e3 Ne6 6. Nc3 Nf6 7. g3 Bd7 8. Bg2 c6
9. a4 Be7 10. Nge2 O-O 11. O-O Rc8 12. d4 exd4 13. Nxd4 Nxd4 14. Qxd4 c5 15. Qd3
b6 16. Rad1 Be6 17. f4 Qc7 18. f5 Bd7 19. Nd5 Nxd5 20. Qxd5 Bg5 21. Rd3 Rce8 22.
f6 gxf6 23. Rxf6 1-0

[Event "10th American Continental"]
[Site "Montevideo URU"]
[Date "2015.05.17"]
[Round "4.68"]
[White "Braga, Jose Pereira"]
[Black "Montenegro, Claudia"]
[Result "1-0"]
[WhiteElo "1911"]
[BlackElo "1628"]
[WhiteFideId "2103435"]
[BlackFideId "3006719"]
[EventDate "2015.05.15"]
[EventType "swiss"]

1. e4 e5 2. Nf3 Nc6 3. Bb5 a6 4. Ba4 Nf6 5. O-O b5 6. Bb3 d6 7. d3 Na5 8. Nbd2
Nxb3 9. Nxb3 c5 10. Bg5 Be7 11. a4 Be6 12. Nbd2 h6 13. Bh4 O-O 14. c3 Qc7 15. h3
Rfe8 16. Re1 Rac8 17. Nf1 g6 18. Bg3 Nh5 19. Bh2 Bf6 20. Ne3 Bg7 21. axb5 axb5
22. Ra6 Ra8 23. Rxa8 Rxa8 24. Qb1 Qb7 25. b4 Nf4 26. Bxf4 exf4 27. Nd1 Ra3 28.
bxc5 dxc5 29. d4 Rb3 30. Qc1 cxd4 31. cxd4 b4 32. d5 Bd7 33. Nd2 Ra3 34. Nc4 Ra8
35. Qd2 b3 36. e5 Ra2 37. Ndb2 Kh7 38. Nd6 Qc7 39. Ndc4 Kg8 40. Qxf4 Rxb2 41.
Nxb2 Qc3 42. Re2 Bf5 43. Qe3 Qa5 44. Re1 Qa2 45. Qd2 Kh7 46. f4 h5 47. h4 Kg8
48. Qc3 Kh7 49. Kh2 Bh6 50. g3 Bg7 51. Rd1 Bf8 52. d6 Bd7 53. Rd2 Bg7 54. Nd3
Qa4 55. Nc5 Qc6 56. Qd4 Bf8 57. Nxd7 1-0

[Event "10th American Continental"]
[Site "Montevideo URU"]
[Date "2015.05.17"]
[Round "4.69"]
[White "Quevedo, Andreina"]
[Black "Ortiz, Jorge"]
[Result "1/2-1/2"]
[WhiteElo "1661"]
[BlackElo "1894"]
[WhiteFideId "3004147"]
[BlackFideId "113972"]
[EventDate "2015.05.15"]
[EventType "swiss"]

1. e4 e5 2. Nf3 Nc6 3. Bc4 Nf6 4. d3 Be7 5. O-O O-O 6. c3 d6 7. Bb3 Na5 8. Bc2
c5 9. d4 Qc7 10. h3 b5 11. Nbd2 Nc4 12. Nxc4 bxc4 13. dxe5 dxe5 14. Qe2 a5 15.
Nd2 Ba6 16. Nxc4 Nd7 17. Bd3 Bb7 18. f4 f6 19. Qg4 exf4 20. Bxf4 Ne5 21. Nxe5
fxe5 22. Qe6+ Kh8 23. Qxe5 Qxe5 24. Bxe5 Rad8 25. Rxf8+ Bxf8 26. Rf1 c4 27. Bxc4
Bc5+ 28. Kh2 Bxe4 29. Rf7 Bf8 30. Bd4 a4 31. Bb5 Bd5 32. Rd7 Rxd7 33. Bxd7 a3
34. b3 Bd6+ 35. Kg1 Bxb3 36. Bb5 Bxa2 37. c4 Bb1 38. c5 Bc7 1/2-1/2

[Event "10th American Continental"]
[Site "Montevideo URU"]
[Date "2015.05.17"]
[Round "4.70"]
[White "Croes, Octavio"]
[Black "Areco, Antonio"]
[Result "0-1"]
[WhiteTitle "CM"]
[WhiteElo "1887"]
[BlackElo "1746"]
[WhiteFideId "1007220"]
[BlackFideId "139190"]
[EventDate "2015.05.15"]
[EventType "swiss"]

1. d4 Nf6 2. c4 e5 3. dxe5 Ng4 4. Nf3 Nc6 5. Bf4 Bb4+ 6. Nc3 Bxc3+ 7. bxc3 Qe7
8. e3 Ngxe5 9. Be2 Qc5 10. Qd5 Nxf3+ 11. Qxf3 O-O 12. O-O d6 13. Rfb1 Qa3 14.
Rb3 Qc5 15. Rd1 Qf5 16. Bd3 Qf6 17. Qh5 g6 18. Qh6 Qg7 19. Qh4 Re8 20. Bh6 Qe5
21. Bb1 a6 22. Rd5 Qh8 23. Rh5 Re5 24. Rxe5 Qxe5 25. Bg5 Qe8 26. Bf6 Qe6 27. Qf4
Ne5 28. c5 Nd7 29. Bg5 Nxc5 30. Rb4 Qe5 31. Qxe5 dxe5 32. Rc4 b6 33. Be4 Rb8 34.
Bd5 Kg7 35. Bd8 Be6 36. Bxe6 Rxd8 37. Bg4 f5 38. Be2 Rd2 39. Kf1 Rxa2 40. f3 Kf6
41. f4 exf4 42. exf4 Ra4 43. Rxa4 Nxa4 44. Bxa6 Nxc3 45. Ke1 Nd5 46. g3 Nb4 47.
Bc4 Nc2+ 48. Kd2 Nd4 49. Kc3 c5 50. Bg8 h6 51. Kc4 g5 52. fxg5+ hxg5 53. Kd5 Nf3
54. h3 Nd4 55. h4 gxh4 56. gxh4 Kg7 0-1

[Event "10th American Continental"]
[Site "Montevideo URU"]
[Date "2015.05.17"]
[Round "4.71"]
[White "Pelaez, Diego"]
[Black "Dominguez, Facundo"]
[Result "0-1"]
[WhiteElo "1567"]
[BlackElo "1947"]
[WhiteFideId "3006476"]
[BlackFideId "3005178"]
[EventDate "2015.05.15"]
[EventType "swiss"]

1. d4 Nf6 2. c4 e6 3. Nf3 b6 4. Bg5 Bb4+ 5. Bd2 Be7 6. Nc3 Bb7 7. e3 O-O 8. Bd3
c5 9. O-O Nc6 10. Rc1 Rc8 11. b3 cxd4 12. exd4 d5 13. cxd5 Nxd5 14. Nxd5 Qxd5
15. Bc4 Qd6 16. Qe2 Bf6 17. Rfd1 Rfd8 18. Bg5 Qe7 19. Bxf6 Qxf6 20. d5 exd5 21.
Bxd5 Nd4 22. Nxd4 Bxd5 23. Rxc8 Rxc8 24. Re1 h6 25. Qg4 Rd8 26. Nb5 a6 27. Nc7
Qc3 28. Qe2 Qxc7 29. Qxa6 Bb7 30. Qb5 Qc6 31. Qf1 Rd6 32. f3 Rg6 33. Re3 Qc5 34.
Qf2 Re6 35. Rxe6 Qxf2+ 36. Kxf2 fxe6 37. Ke3 e5 38. g3 Kf7 39. f4 e4 40. h4 h5
41. a3 Kf6 0-1

[Event "10th American Continental"]
[Site "Montevideo URU"]
[Date "2015.05.17"]
[Round "4.72"]
[White "Colman, Matias"]
[Black "Porteiro, Rodrigo"]
[Result "1/2-1/2"]
[WhiteElo "2036"]
[BlackElo "1727"]
[WhiteFideId "3000699"]
[BlackFideId "3006140"]
[EventDate "2015.05.15"]
[EventType "swiss"]

1. d4 c6 2. c4 d5 3. Nc3 Nf6 4. Nf3 e6 5. Bg5 Be7 6. e3 Nbd7 7. Bd3 dxc4 8. Bxc4
Nd5 9. Bxe7 Nxe7 10. O-O O-O 11. Qe2 b6 12. Bb3 a5 13. Rfd1 Qc7 14. Rac1 Ba6 15.
Qc2 Rac8 16. Ng5 Ng6 17. h4 Qd8 18. f4 Nf6 19. Nce4 Nd5 20. Bxd5 cxd5 21. Nc3 h6
22. Nxe6 fxe6 23. Qxg6 Rf6 24. Qg4 Qe8 25. Rc2 Rg6 26. Qh3 h5 27. Rf2 Rg4 28. f5
exf5 29. Rxf5 Qg6 30. Nxd5 Re8 31. Re5 Rxe5 32. dxe5 Qc2 33. Qf3 Be2 34. Nf6+
gxf6 35. Rd8+ Kh7 36. Rd7+ Rg7 37. Rxg7+ Kxg7 38. Qxf6+ Kh7 39. Qf7+ 1/2-1/2

[Event "10th American Continental"]
[Site "Montevideo URU"]
[Date "2015.05.17"]
[Round "4.74"]
[White "Pereira, Armando Scharlau"]
[Black "Larrea, Osvaldo"]
[Result "1/2-1/2"]
[WhiteElo "1717"]
[BlackElo "1843"]
[WhiteFideId "2122006"]
[BlackFideId "3004546"]
[EventDate "2015.05.15"]
[EventType "swiss"]

1. Nf3 f5 2. d4 Nf6 3. g3 b6 4. Bg2 Bb7 5. O-O e6 6. c4 Be7 7. Nc3 O-O 8. e3 Nc6
9. a3 a6 10. b4 Qc8 11. Bb2 Nd8 12. d5 Nf7 13. Qb3 e5 14. Ne2 d6 15. Rfd1 Kh8
16. Rac1 Rb8 17. Qa2 Qd7 18. Ba1 Ne4 19. Nd2 Nxd2 20. Qxd2 Qe8 21. Qc2 Bc8 22.
f4 Bf6 23. Qd2 Qe7 24. Re1 Re8 25. Kh1 Bd7 26. Ng1 Nh6 27. h3 Nf7 28. Qf2 Ra8
29. Nf3 a5 30. b5 Nd8 31. Nd2 a4 32. Kh2 Nb7 33. e4 Nc5 34. Bf1 exf4 35. exf5
fxg3+ 36. Qxg3 Be5 37. Bxe5 dxe5 38. Bd3 Qf6 39. Ne4 Qe7 40. Nxc5 Qxc5 41. Rg1
Qf8 42. Be4 Rac8 43. Rg2 Re7 44. Rf1 1/2-1/2